| 000 | 02367cam a2200589 a 4500 | ||
|---|---|---|---|
| 001 | 20458 | ||
| 003 | VRT | ||
| 005 | 20260122142904.0 | ||
| 008 | 240621q1995 xo grn 0000f slo | ||
| 015 | _aSNBA1997/0100298 | ||
| 020 |
_a808883421X _q(viazané) |
||
| 035 | _aSNK000166703 | ||
| 039 | 9 |
_a202407011419 _bmsnk160 _c202407011419 _dmsnk160 _c202407011419 _dmsnk160 _c202407011415 _dmsnk160 |
|
| 040 |
_aSNK _bslo _cSNK _eAACR2 |
||
| 041 | 1 |
_aslo _hita |
|
| 044 |
_axo _cSK |
||
| 072 | 7 |
_a821.131.1-3 _xTalianska próza _2konspekt |
|
| 080 |
_a930.85 _22011 |
||
| 080 |
_a821.131.1-32 _22001 |
||
| 080 |
_a821-32 _22011 |
||
| 245 | 0 | 0 |
_aHarmónia a radosť zo života _brenesančné novely _c[Franco Sacchetti ... [et al.] ; preložili Dominik Jarábek, Mikuláš Pažitka] |
| 260 |
_aRohovce _bInterpopulart Slovakia _c[1995] |
||
| 300 |
_a111 strán _c21 cm |
||
| 490 | 1 |
_aPopulart. Renesančná próza. Študentská knižnica _v22 |
|
| 500 | _aPreložené z taliančiny | ||
| 500 | _aV knihe neuvedený rok vydania. Pravdepodobný rok vydania: 1995 | ||
| 500 | _aNázov celej edície uvedený na obale | ||
| 504 | _aBibliografia na strane 107 | ||
| 650 | 0 | 7 |
_arenesancia _2SNKPH |
| 655 | 7 |
_aspoločenské novely _2SNKPH |
|
| 655 | 7 |
_atalianske novely _2SNKPH |
|
| 700 | 1 |
_aJarábek, Dominik, _d1915-1981 _4trl |
|
| 700 | 1 |
_aPažitka, Mikuláš, _d1918-2004 _4trl |
|
| 700 | 1 |
_aSacchetti, Franco, _dasi 1330-asi 1400 _4aut |
|
| 830 | 0 |
_aPopulart _pRenesančná próza _pŠtudentská knižnica |
|
| 942 |
_2ddc _cKLDO _n0 |
||
| 949 |
_6270001000020848 _asvkbbA 91061 _bsvkbbm 602000 |
||
| 949 |
_62889009611 _asavukS 118169 |
||
| 949 |
_6270001000020847 _asvkbbA 91061 _bsvkbbm 602688 |
||
| 949 |
_6270001000020846 _asvkbbA 91061 _bsvkbbm 601999 |
||
| 949 |
_asnkC 1982 _bsnk3673/961028 |
||
| 949 |
_617A0014488 _asnkSC 91514 _bsnkKSP 8853/96 _s6101:20151012 |
||
| 949 |
_617A0014487 _asnkSC 91514 D1 _bsnkKSP 8854/96 |
||
| 949 |
_6273K0230837 _asvkpoA 168049 _bsvkpo417421 |
||
| 949 |
_6273K0230834 _asvkpoA 168049a _bsvkpo417422 |
||
| 949 |
_6273K0230835 _asvkpoA 168049b _bsvkpo417423 |
||
| 949 |
_6273K0230836 _asvkpoA 168049c _bsvkpo417424 |
||
| 949 |
_6273K0230838 _asvkpoA 168049d _bsvkpo417425 |
||
| 949 |
_6273K0230840 _asvkpoA 168049e _bsvkpo417601 |
||
| 999 |
_c20458 _d20458 |
||